000 00689nam a2200289Ia 4500
005 20260324121246.0
008 008 260324s9999 xx 000 0 eng d
020 _a9780429097669
037 _aEBOOK
040 _aCRL
040 _beng
040 _cCRL
041 _2eng
041 _aeng
084 _qCRL
100 _aSitabhra Sinha; S. Sridhar
_91161813
245 0 _aPatterns in Excitable Media
245 0 _bGenesis, Dynamics, and Control
260 _bTaylor and Francis
260 _c2014
365 _a
365 _b385
856 _uhttp://www.taylorfrancis.com/books/9780429097669
942 _cEBOOK
999 _c1753805
_d1753805